| 000 | 00441nam a2200169Ia 4500 | ||
|---|---|---|---|
| 008 | 230718s9999 xx 000 0 und d | ||
| 041 | _aeng | ||
| 082 |
_a620.1 _bUNA |
||
| 100 | _aUnadkat S. | ||
| 245 |
_aEngineering Mechanics _bStatics And Dynamics |
||
| 250 | _a3rd ed. | ||
| 260 | _bTech Max Publication | ||
| 300 | _dRef 313 G (28085) | ||
| 365 |
_cRs. _b595.00 |
||
| 700 | _aUnadkat S. | ||
| 906 |
_dB:33910-May-2007 _cMECH _b89.25 |
||
| 999 |
_c316909 _d316909 |
||